| 000 | 01450nam a2200337 a 4500 | ||
|---|---|---|---|
| 999 |
_c122382 _d122382 |
||
| 003 | BLK | ||
| 005 | 20240319090851.0 | ||
| 008 | 180409b bul|||||r ||||||| ||bul|| | ||
| 010 | _aKNG00128019000 | ||
| 040 | _aBLK | ||
| 041 |
_aBUL _cBUL |
||
| 080 |
_aБългарска литература _b821.163.2 _x-2 _z821.163.2-2 |
||
| 100 |
_aАсенов, Драгомир _gМеламед, Жак Нисим _cПисател. Работил в русенския в. "Дунавски отечествен фронт", един от основателите на "Дунавски културен фронт" _d1926 - 1981 _9272757 |
||
| 139 |
_aАсенов, Драгомир _bА 92 |
||
| 245 | 1 | 0 |
_aЗлатното покритие _cДрагомир Асенов; * Жак Нисим Меламед. |
| 245 | 1 | 0 |
_aИзпити _bПиеси |
| 257 | _aBGR | ||
| 260 |
_bОФ _c1974 _aСофия |
||
| 300 |
_a152 с. _c21 см |
||
| 380 | _aX | ||
| 500 | _aИстинското име на авт. е Жак Нисим Меламед. - 2 000 тир. | ||
| 700 | 1 |
_aМеламед, Жак Нисим _e* _9272758 |
|
| 852 |
_aЦб 75250 _bЦб |
||
| 856 | 4 | _qpdf | |
| 856 | 4 | _qpdf | |
| 942 |
_cKNG _n0 _s1 |
||
| 944 |
_aCR _c28.02.2012 _lМоника Янева _k30570 |
||
| 944 |
_aED _c28.02.2012 _l28.02.2012 - от С1,Р / 28.02.2012 |
||
| 944 |
_aED _c2022-09-20 _l2022-09-20 |
||
| 999 | _d122382 | ||